Loading...
| Fine Arts - Other | 0 | 4 | 0 | 0 | 40 | 91 | 111.25 | 1 | 4 | 7.42 | 20.95 |
| Geography | 0 | 2 | 0 | 1 | 20 | 100 | 117.00 | 0 | 0 | 2.75 | 3.57 |
| Literature - Poetry | 0 | 2 | 0 | 0 | 20 | 116 | 123.00 | 0 | 0 | 3.61 | 10.00 |
| Short Fiction and Other | 0 | 2 | 0 | 0 | 20 | 121 | 127.00 | 0 | 0 | 4.36 | 6.12 |
| History - European | 1 | 0 | 0 | 1 | 15 | 24 | 24.00 | 1 | 1 | 8.39 | 10.00 |
| Science - Biology | 0 | 1 | 0 | 1 | 10 | 133 | 133.00 | 0 | 0 | 0.07 | 1.43 |
| Literature - Drama | 0 | 1 | 0 | 0 | 10 | 110 | 110.00 | 0 | 0 | 3.69 | 5.36 |
| History - American | 0 | 1 | 0 | 1 | 10 | 136 | 136.00 | 0 | 0 | 0.09 | 1.79 |
| Fine Arts - Classical Music | 0 | 1 | 0 | 0 | 10 | 79 | 79.00 | 0 | 0 | 4.28 | 4.29 |
| Literature - Misc | 0 | 1 | 0 | 0 | 10 | 118 | 118.00 | 0 | 0 | 22.37 | 28.57 |
| Religion | 0 | 1 | 0 | 0 | 10 | 143 | 143.00 | 0 | 0 | 0.09 | 3.57 |
| History - World | 0 | 1 | 1 | 0 | 5 | 83 | 83.00 | 0 | 0 | 2.66 | 2.86 |